Komparácia počítačových útokov z hľadiska možného dopadu na firmu diplomová práca

Salvato in:
Dettagli Bibliografici
Autore principale: Daubner, Dávid
Ente Autore: Fakulta hospodárskej informatiky EU. Katedra aplikovanej informatiky
Altri autori: Rakovská, Eva, 1963-
Natura: Libro
Lingua:slovacco
Pubblicazione: Bratislava 2020
Tags: Aggiungi Tag
Nessun Tag, puoi essere il primo ad aggiungerne!!

MARC

LEADER 00000nbm a2200000 4500
001 0268091
005 20210512105628.0
041 0 |a slo 
044 |a SK 
245 1 0 |a Komparácia počítačových útokov z hľadiska možného dopadu na firmu  |b diplomová práca  |c Dávid Daubner ; školiteľ: Eva Rakovská 
264 1 |a Bratislava  |c 2020 
300 |a 53 s. 
100 1 |a Daubner, Dávid 
700 1 |a Rakovská, Eva, 1963- 
710 2 |a Fakulta hospodárskej informatiky EU. Katedra aplikovanej informatiky